ZWMA Newsletter (Record no. 83447)

MARC details
000 -LEADER
fixed length control field 01055nam a2200181 a 4500
008 - FIXED-LENGTH DATA ELEMENTS--GENERAL INFORMATION
fixed length control field 180906s9999 ||||||||||||||||| || u
050 ## - LIBRARY OF CONGRESS CALL NUMBER
Classification number ZWMA(05)NL/2017A
110 ## - MAIN ENTRY--CORPORATE NAME
Corporate name or jurisdiction name as entry element Zambia Weights and Measures Agency (ZWMA)
245 10 - TITLE STATEMENT
Title ZWMA Newsletter
Statement of responsibility, etc. by Zambia Weights and Measures Agency [ZWMA]
260 ## - PUBLICATION, DISTRIBUTION, ETC.
Place of publication, distribution, etc. Lusaka
Name of publisher, distributor, etc. Zambia Weights and Measures Agency (ZWMA)
Date of publication, distribution, etc.
300 ## - PHYSICAL DESCRIPTION
Extent 27 pages : illustrations
650 ## - SUBJECT ADDED ENTRY--TOPICAL TERM
Topical term or geographic name entry element WEIGHTS AND MEASURES--ZAMBIA--PERIODICALS
650 ## - SUBJECT ADDED ENTRY--TOPICAL TERM
Topical term or geographic name entry element ZAMBIA WEIGHTS AND MEASURES AGENCY--PERIODICALS
650 ## - SUBJECT ADDED ENTRY--TOPICAL TERM
Topical term or geographic name entry element ZAMBIA WEIGHTS AND MEASURES AGENCY (ZWMA)
995 ## -
-- SPECIAL COLLECTIONS
-- 3688
-- CBU-MAIN LIBRARY (Kitwe)
-- ZWMA(05)NL/2017B
-- 2
-- AVAILABLE
-- Sep 6, 2018
-- Zambian Periodical
-- B3688
-- University Collection
995 ## -
-- SPECIAL COLLECTIONS
-- 3689
-- CBU-MAIN LIBRARY (Kitwe)
-- ZWMA(05)NL/2017C
-- 3
-- AVAILABLE
-- Sep 6, 2018
-- Zambian Periodical
-- B3689
-- University Collection
995 ## -
-- SPECIAL COLLECTIONS
-- 3687
-- CBU-MAIN LIBRARY (Kitwe)
-- ZWMA(05)NL/2017A
-- 1
-- AVAILABLE
-- Sep 6, 2018
-- Zambian Periodical
-- B3687
-- University Collection
999 ## -
-- 83447
-- 83447
Holdings
Withdrawn status Lost status Source of classification or shelving scheme Damaged status Not for loan Permanent Location Current Location Shelving location Date acquired Total Checkouts Full call number Barcode Date last seen Copy number Price effective from Koha item type
          CBU-MAIN LIBRARY, KITWE. CBU-MAIN LIBRARY, KITWE.   10/30/2023   ZWMA(05)NL/2017B B3688 10/30/2023 1 10/30/2023 SPECIAL COLLECTION
          CBU-MAIN LIBRARY, KITWE. CBU-MAIN LIBRARY, KITWE.   10/30/2023   ZWMA(05)NL/2017C B3689 10/30/2023 2 10/30/2023 SPECIAL COLLECTION
          CBU-MAIN LIBRARY, KITWE. CBU-MAIN LIBRARY, KITWE.   10/30/2023   ZWMA(05)NL/2017A B3687 10/30/2023 3 10/30/2023 SPECIAL COLLECTION